000 00926cam a2200289 a 4500
999 _c6453
_d6453
001 22207026
003 OCoLC
005 20190116201453.0
008 900706s1990 cauaf 000 0aeng
010 _a90043631
020 _a092960895X
020 _a9780929608952
020 _a1561790273 (jacket)
020 _a9781561790272 (jacket)
040 _aDLC
_beng
_cDLC
_dOCL
_dBAKER
_dBTCTA
_dOCLCG
_dHNW
_dYDXCP
043 _an-us-mn
050 0 0 _aF614.S82
_bD68 1990
082 _a977.6
_bD728m
100 1 _aDoud, Guy Rice,
_d1953-
245 1 0 _aMolder of dreams /
_cGuy Rice Doud.
260 _aPomona, Calif. :
_bFocus on the Family Pub. ;
_aDallas, Tex. :
_bDistributed by Word Books,
_cc1990.
300 _axiii, 192 p., [8] p. of plates :
_bill. ;
_c23 cm.
600 1 0 _aDoud, Guy Rice,
_d1953-
650 0 _aChristian biography
_zMinnesota.
650 0 _aHigh school teachers
_zMinnesota
_vBiography.
942 _2ddc
_cBK